| 000 | 01052cam a22003257a 4500 | ||
|---|---|---|---|
| 003 | CHAP | ||
| 005 | 20220329135330.0 | ||
| 008 | 971013s1978 r 00010 d | ||
| 010 | _a34543 | ||
| 011 | _a35515 | ||
| 035 | _a39631 | ||
| 040 | _cCHAP | ||
| 090 | _aFolleto 6694 | ||
| 110 |
_aENA _936669 |
||
| 245 | 0 | _aAnteproyecto de estatuto de la Universidad Autónoma Chapingo | |
| 260 |
_aChapingo, Méx. : _bENA, _c1978 |
||
| 300 | _a2 v. | ||
| 505 | _aContenido : v.1 alternativa A .- v.2 alternativa B | ||
| 590 |
_aBATCH-UPD _b10 _c20130110 _lUCH01 _h1233 |
||
| 590 |
_aBATCH-UPD _b10 _c20130410 _lUCH01 _h0802 |
||
| 590 |
_aBATCH-UPD _b10 _c20130914 _lUCH01 _h1240 |
||
| 590 |
_aCONVERSION _b10 _c20130109 _lUCH01 _h1319 |
||
| 650 | 1 | 4 |
_aEducación agrícola _xLeyes. _935532 |
| 650 | 1 | 4 |
_aEducación agrícola _zMéxico. _935552 |
| 650 | 1 | 4 |
_aPolítica educativa _zMéxico. _990561 |
| 650 | 1 | 4 |
_aUniversidades _xAdministración _xMéxico. _9116599 |
| 901 | _aBK | ||
| 942 | _cFOLL | ||
| 949 |
_aFolleto 6694 _bBC _cUACH _d-90395 _eUACH _i39631 _mD _si |
||
| 999 |
_c34543 _d34543 |
||